000 00184 a2200097 4500
020 _a9788426126573
041 _aspa
100 _aZulema Moret
245 _aEl Mono Serafin
942 _cK
999 _c28828
_d28828